Creative writing in the social studies (Record no. 65186)

MARC details
000 -CABECERA
campo de control de longitud fija 00496nam a2200193 a 4500
005 - FECHA Y HORA DE LA ÚLTIMA TRANSACCIÓN
campo de control 20210219152954.0
008 - ELEMENTOS DE LONGITUD FIJA--INFORMACIÓN GENERAL
campo de control de longitud fija 991125n 000 0 eng u
035 ## - NÚMERO DE CONTROL DEL SISTEMA
Número de control de sistema UPN01000069971
100 ## - ASIENTO PRINCIPAL--NOMBRE PERSONAL
Nombre de persona McLeod, Jack R.
222 ## - TÍTULO CLAVE
Título clave SOCIAL EDUCATION
245 ## - MENCIÓN DE TÍTULO
Título Creative writing in the social studies
300 ## - DESCRIPCIÓN FÍSICA
Extensión 398
362 ## - FECHAS DE PUBLICACIÓN Y/O DESIGNACIÓN SECUENCIAL
Fecha de publicación y/o designación secuencial 1992 56, no. 7
653 0# - TERMINO DE INDIZACION - NO CONTROLADO
Término no controlado ESCRITURA CREATIVA
653 0# - TERMINO DE INDIZACION - NO CONTROLADO
Término no controlado ESTUDIOS SOCIALES
653 0# - TERMINO DE INDIZACION - NO CONTROLADO
Término no controlado WRITING ASSIGNMENTS
904 ## - ELEMENTOS DE DATOS D LOCAL, LDD (RLIN)
a AC
b 007782
905 ## - TIPO DE MATERIAL
Tipo de material Articulo

No items available.